000 00673nam a2200229Ia 4500
003 OSt
005 20220926022849.0
006 a|||||r|||| 00| 0
007 ta
008 220923b |||||||| |||| 00| 0 eng d
037 _cGeneral Book
040 _aRTL
_cRTL
_beng
041 _2eng
_aeng
082 _aX6xM83:g, N4
100 _aKrugman Paul
_929845
245 0 _aPeddling prosperity
_b Economic sense and nonsense in the age of diminished expectation
260 _aNew York
_bW W Norton U S A
_c1994
300 _axv, 303p.
_ccm.
650 _aKeynes
_9231657
942 _hX6xM83:g, N4
_cGB
_2CC
999 _c640480
_d640480